<?xml version="1.0" encoding="UTF-8"?>
<record
    xmlns:xsi="http://www.w3.org/2001/XMLSchema-instance"
    xsi:schemaLocation="http://www.loc.gov/MARC21/slim http://www.loc.gov/standards/marcxml/schema/MARC21slim.xsd"
    xmlns="http://www.loc.gov/MARC21/slim">

  <leader>00705nam a2200205 a 4500</leader>
  <controlfield tag="001">000020842</controlfield>
  <controlfield tag="005">20240506193024.0</controlfield>
  <controlfield tag="008">100818s1945    ag            000 0 spa d</controlfield>
  <datafield tag="040" ind1=" " ind2=" ">
    <subfield code="a">DO-SdBNP</subfield>
    <subfield code="b">spa</subfield>
    <subfield code="c">BPJMH</subfield>
  </datafield>
  <datafield tag="082" ind1=" " ind2=" ">
    <subfield code="a">616.4</subfield>
    <subfield code="b">P964a</subfield>
  </datafield>
  <datafield tag="245" ind1="0" ind2="0">
    <subfield code="a">Progresos anuales de la pr&#xE1;ctica medico-quir&#xFA;rgica /</subfield>
    <subfield code="c">directores Alonso R. Albanese, Luis Munist y Diego Fern&#xE1;ndez Luna.</subfield>
  </datafield>
  <datafield tag="260" ind1=" " ind2=" ">
    <subfield code="a">Buenos Aires :</subfield>
    <subfield code="b">Mundi,</subfield>
    <subfield code="c">1945.</subfield>
  </datafield>
  <datafield tag="300" ind1=" " ind2=" ">
    <subfield code="a">v. 7 ;</subfield>
    <subfield code="c">23 cm.</subfield>
  </datafield>
  <datafield tag="505" ind1="1" ind2=" ">
    <subfield code="g">v. 7.</subfield>
    <subfield code="t">Endocrinolog&#xED;a y nutrici&#xF3;n.</subfield>
  </datafield>
  <datafield tag="650" ind1=" " ind2="4">
    <subfield code="a">Endocrinolog&#xED;a cl&#xED;nica</subfield>
    <subfield code="9">43686</subfield>
  </datafield>
  <datafield tag="650" ind1=" " ind2="0">
    <subfield code="a">Nutrici&#xF3;n </subfield>
    <subfield code="9">12779</subfield>
  </datafield>
  <datafield tag="700" ind1="1" ind2=" ">
    <subfield code="a">Albanese, Alonso R.</subfield>
    <subfield code="9">43687</subfield>
  </datafield>
  <datafield tag="700" ind1="1" ind2=" ">
    <subfield code="a">Munist, Luis.</subfield>
    <subfield code="9">43688</subfield>
  </datafield>
  <datafield tag="700" ind1="1" ind2=" ">
    <subfield code="a">Fern&#xE1;ndez Luna, Diego.</subfield>
    <subfield code="9">43689</subfield>
  </datafield>
  <datafield tag="999" ind1=" " ind2=" ">
    <subfield code="c">20345</subfield>
    <subfield code="d">20345</subfield>
  </datafield>
</record>
